00410nam a2200145Ia 4500100002300000942000700023654001500030245002200045260003500067082001700102300000800119546001200127999001700139952010800156 aStanford/Melvin J  cBK amanagement aManagement policy bprentice hallaNew Delhic1986 a658.401bSTA a632 aENGLISH c31459d31459 001040708CRCaCRCEbCRCEd2023-03-17g69.00l0o658.401 STAp1474r2023-03-17v69.00w2023-03-17yBK